00367nam a2200133Ia 4500008004100000020001500041041001200056082001600068100002600084245006400110260003900174300000800213650001200221221030s9999 xx 000 0 und d a0195607570 aEnglish a105.23bMen aK. P. K. Menon ( PR ) 0aContemporary English Prose ( PR )cby K. P. K. Menon ( PR ) bOxford UniversityaNew Delhic1997 a164 aEnglish